| 000 | 01506nam a2200421 a 4500 | ||
|---|---|---|---|
| 001 | 20422 | ||
| 003 | VRT | ||
| 005 | 20260122130124.0 | ||
| 008 | 960531q1995 xo dp 000 p slo c | ||
| 020 | _a8088834198 (brož.) | ||
| 035 | _aUKB000184612 | ||
| 040 |
_aBAA001 _bslo _cBAA001 _eAACR2 |
||
| 041 | 1 | _aslo | |
| 044 |
_axo _cSK |
||
| 080 | _a885.4-93-1(08) | ||
| 100 | 1 |
_aBenický, Peter _d1606-1664 |
|
| 243 | 1 | 0 | _aBaroková literatúra |
| 245 | 0 | 0 |
_aVýber zo slovenskej didakticko-reflexívnej poézie _cPeter Benický, Hugolín Gavlovič |
| 260 |
_aRohovce _bInterpopulart Slovakia _c[1995] |
||
| 300 | _a113 s. | ||
| 490 | 1 |
_aPopulart. Študentská knižnica _v20 |
|
| 500 | _aBaroková literatúra | ||
| 504 | _aBibliogr. s. 113 | ||
| 505 | 1 | _aSlovenské verše / P. Benický ; -- Valaská škola /H. Gavlovič | |
| 650 | 0 | 7 | _aliteratúra slovenská klasická |
| 650 | 0 | 7 | _apoézia didakticko-reflexívna |
| 653 | _a885.4-93-1(08) | ||
| 700 | 1 |
_aGavlovič, Hugolín, _d1712-1787 _4aut |
|
| 760 | 1 |
_tPopulart. Študentská knižnica _g20 |
|
| 774 | 0 |
_tSlovenské verše _aBenický, Peter, 1606-1664 |
|
| 774 | 0 |
_tValaská škola _aGavlovič, Hugolín, 1712-1787 |
|
| 830 | 0 |
_aPopulart. Študentská knižnica _v20 |
|
| 910 | _aukb | ||
| 942 |
_2ddc _cOLDO _n0 |
||
| 949 |
_61800004749 _a30.D.64307 _bPV.1805-96 _q18.1.2016-popísaná ceruzkou-ML _r18.1.2016-popísaná ceruzkou-ML |
||
| 949 |
_61800004748 _aSL.D.23141 _bPV.1806-96 |
||
| 949 |
_61800006917 _a30.D.64307 _bKD.169-96 |
||
| 999 |
_c20422 _d20422 |
||